Państwa graniczące z Niemcami - nagła śmierć - Statystyki

Ogólne statystyki
  • Ten quiz został rozwiązany 43 razy
  • Średni wynik to 8 z 9
Answers on the Grid
Answers color-coded by a green-red scale on the quiz's grid according to % correct below.
Królestwo Niderlandów
Belgia
Luksemburg
Francja
Austria
Szwajcaria
Polska
Czechy
Dania
Hiszpania
Włochy
Litwa
Liechtenstein
Szwecja
Słowenia
San Marino
 
Statystyki odpowiedzi
Odpowiedź % Poprawnych
Polska
96%
Belgia
89%
Szwajcaria
89%
Austria
82%
Czechy
82%
Dania
82%
Francja
82%
Królestwo Niderlandów
79%
Luksemburg
75%
Nie znaleziono quizów pasujących do podanych kryteriów
Rozkład punktacji
Procent ludzi z każdym wynikiem
Percentyl według liczby udzielonych odpowiedzi
Twoja historia wyników
Nie rozwiązałeś tego quizu